000
003230000a22001450004500
005
20120302064959.0
942
_c
BOOK
100
_a
Ramdas swami
245
_a
Man ja shlok
250
_a
1st
260
_a
Ahemadnagar:Laxman Hardvani;2002.
300
_a
103p..-ill
040
_a
sin
650
_a
Manache sholk, Sindhi
999
_c
363585
_d
363582